000 00539nam a22001937a 4500
003 KOHA_MİRAKIL
005 20251105122247.0
008 251105b tu ||||| |||| 00| 0 tur d
020 _a9786254059292
040 _aTR-AnABB
_btur
_cTR-AnABB
041 _atur
082 _a813.42
_bSEL 2022
100 1 _aEnis, Selahattin,
245 1 0 _aBataklık çiçeği /
_cSelahattin Enis
260 _aİstanbul :
_bTürkiye İş Bankası,
_c2022
300 _a108 sayfa ;
_c21 cm
650 0 4 _aTürk edebiyatı, roman
942 _2ddc
_cBK
999 _c9272
_d9272
900 _bGizem YORULMAZ